000 00507nam a22001697a 4500
003 OSt
005 20120302145115.0
008 090421t xxu||||| |||| 00| 0 eng d
035 _a३०१६
040 _cमराठी
100 _aबोरकर, विष्णू जयवंत
_93789
245 _aअश्वत्थामा
250 _a१ ली
260 _aपुणे
_bविश्वमोहिनी
_c१९७९
300 _b८८ पाने
942 _2ddc
_cBOOK
999 _c488958
_d488955